Különös házasság

Bibliographic Details
Main Author: Mikszáth, Kálmán, 1847-1910 (Author)
Format: Book
Language:English
PhysicalDescription:449 s.
Published: Bratislava Madách 1969

MARC

LEADER 00000nam a2200000 a 4500
001 vtls008186986
003 SK-MaSNL
005 20260301164329.0
008 240318 000 0 eng
040 |a SNK  |b slo  |c SNK  |e AACR2 
100 1 |a Mikszáth, Kálmán,  |d 1847-1910  |4 aut  |9 89516 
245 1 0 |a Különös házasság 
260 |a Bratislava  |b Madách  |c 1969 
300 |a 449 s. 
999 |c 820213  |d 822143 
952 |a SNK  |b SNK  |y VYP  |7 0  |p 17A0478116  |o snkSD 35795 D1  |i snkKSP 6236/69  |3 rekatalogizácia  |0 0  |1 0  |4 0  |d 2005-07-28  |l 0  |r 2026-02-24 03:04:07  |w 2026-02-24 
952 |a SNK  |b SNK  |y PREZ  |7 0  |p 17A0883781  |o snkSD 35795   |0 0  |1 0  |4 0  |d 2013-08-12  |l 0  |r 2026-02-24 03:04:07  |w 2026-02-24